000 00519nam a2200157 i 4500
001 63815
003 ES-MaACL
005 20230906164957.0
007 t|
008 031217s1959 sp ||||1| spa d
100 1 _aFigueroa Corvacho, Juan.
_950793
245 1 3 _aLa cría lucrativa de abejas al alcance de todos /
_cJuan Figueroa Corvacho.
260 _a[S.l. :
_bs.n.,
_c1959] (
_ePontevedra :
_fArtes gráficas del hogar provincial)
300 _aXII, 103 p. :
_bil. ;
_c18 cm.
852 _aES-MaACL
_jC-16393
_bR.44182
999 _c63815
_d63815